The labour market: selected readings; (Record no. 42846)

MARC details
000 -LEADER
campo de control de longitud fija 00957cam a22003371 4500
001 - NÚMERO DE CONTROL
campo de control 114747
005 - FECHA Y HORA DE LA ÚLTIMA TRANSACCIÓN
campo de control 20230410115523.0
008 - DATOS DE LONGITUD FIJA--INFORMACIÓN GENERAL
campo de control de longitud fija 700330s1968 enka b 000 0 eng
035 ## - NÚMERO DE CONTROL DEL SISTEMA
-- (DLC) 76356678
035 ## - NÚMERO DE CONTROL DEL SISTEMA
Número de control de sistema 348987
010 ## - NÚMERO DE CONTROL DE LA BIBLIOTECA DEL CONGRESO
Número de control de LC 76356678
015 ## - NÚMERO DE BIBLIOGRAFÍA NACIONAL
Número de bibliografía nacional B68-20550
040 ## - FUENTE DE CATALOGACIÓN
Centro catalogador/agencia de origen DLC
Centro/agencia transcriptor DLC
Centro/agencia modificador DLC
041 ## - CÓDIGO DE IDIOMA
Código de lengua del texto/banda sonora o título independiente eng
050 14 - SIGNATURA TOPOGRÁFICA DE LA BIBLIOTECA DEL CONGRESO
Número de clasificación HD4901
Número de ítem .M478 1968
082 00 - NÚMERO DE LA CLASIFICACIÓN DECIMAL DEWEY
Número de clasificación 331.1/12/08
100 1# - ENTRADA PRINCIPAL--NOMBRE DE PERSONA
Nombre de persona McCormick, B. J.
Forma completa/desarrollada del nombre (Brian Joseph),
Término indicativo de función/relación comp.
245 14 - MENCIÓN DEL TÍTULO
Título The labour market: selected readings;
Mención de responsabilidad, etc. edited by B. J. McCormick and E. Owen Smith.
260 ## - PUBLICACIÓN, DISTRIBUCIÓN, ETC.
Lugar de publicación, distribución, etc. Harmondsworth,
Nombre del editor, distribuidor, etc. Penguin,
Fecha de publicación, distribución, etc. 1968.
300 ## - DESCRIPCIÓN FÍSICA
Extensión 393 p.
Otras características físicas illus.
Dimensiones 19 cm.
350 ## - PRECIO (NR) (BK AM CF MU VM SE) [OBSOLETO]
Precio 9/-
490 0# - MENCIÓN DE SERIE
Mención de serie Penguin modern economics readings
490 0# - MENCIÓN DE SERIE
Mención de serie Penguin education X55.
504 ## - NOTA DE BIBLIOGRAFÍA, ETC.
Nota de bibliografía, etc. Includes bibliographies.
650 #4 - PUNTO DE ACCESO ADICIONAL DE MATERIA--TÉRMINO DE MATERIA
Término de materia o nombre geográfico como elemento de entrada CRV
650 #4 - PUNTO DE ACCESO ADICIONAL DE MATERIA--TÉRMINO DE MATERIA
Término de materia o nombre geográfico como elemento de entrada Colección René Villarreal
650 #0 - PUNTO DE ACCESO ADICIONAL DE MATERIA--TÉRMINO DE MATERIA
Término de materia o nombre geográfico como elemento de entrada Labor economics.
700 2# - ENTRADA AGREGADA--NOMBRE PERSONAL
Nombre de persona Owen Smith, E.,
Término indicativo de función/relación joint comp.
942 ## - ELEMENTOS DE ENTRADA SECUNDARIOS (KOHA)
Fuente del sistema de clasificación o colocación Clasificación de Library of Congress
Tipo de ítem Koha
946 ## - PROCESAMIENTO DE INFORMACIÓN LOCAL (OCLC)
a lmd
Holdings
Estatus retirado Estado de pérdida Fuente del sistema de clasificación o colocación Estado de daño No para préstamo Colección Biblioteca de origen Biblioteca actual Ubicación en estantería Fecha de adquisición Serial enumeration / chronology Signatura topográfica completa Código de barras Visto por última vez Copia número Tipo de ítem Koha
    Clasificación de Library of Congress     Ciencias Sociales Biblioteca Juan Bosch Biblioteca Juan Bosch Ciencias Sociales (3er. Piso) 10/04/2023 3 HD4901 .M478 1968 00000108281 24/10/2018 1